American Geography General Knowledge #4 - Statistics

General Stats
  • This quiz has been taken 127 times
  • The average score is 6 of 15
Answer Stats
Question Answer % Correct
What Is the Capital of the United States? Washington D.C.
95%
Were Fireworks Invented in the USA? No
81%
What Is the Capital of Arizona? Phoenix
80%
What City Is MONOPOLY Based On: Atlantic City, Baltimore, Las Vegas, Philadelphia? Atlantic City
70%
What is the Postal Abbreviation for New Mexico? NM
69%
In What State is the Northernmost Point in the Continental USA? Minnesota
56%
What Building at 405 Lexington Ave in NYC Was Once the Tallest Building in the World? Chrysler Building
44%
What Is the Largest City by Population in Connecticut? Bridgeport
28%
What Is the 3rd Largest City in Pennsylvania? Allentown
22%
Where is River Falls? Wisconsin
15%
When Was Independence Day Celebrated in the U.S.? 1820
2%
What is the Largest 14 Letter City in America? Fort Lauderdale
2%
In What Minnesota City is General Mills Based? Golden Valley
2%
Who Founded ^? William Allen
1%
What Does a Red Lock on Wikipedia Mean? Permanently Protected
0%
No matching quizzes found
Score Distribution
Percent of People with Each Score
Percentile by Number Answered
Your Score History
You have not taken this quiz